000 00634nam a2200181 i 4500
001 83674
003 ES-MaACL
005 20250620063017.0
007 t|
008 041118s1952 sp ||||1| spa d
080 _a821.134.2-14"19"
100 1 _aJara Carrillo, Pedro,
_d1878-1927
_966091
245 1 0 _aDoce sonetos, seis sonetillos y un poema /
_cPedro Jara Carrillo ; editados por un grupo de admiradores en homenaje al poeta Pedro Jara Carrillo.
260 _a[Murcia :
_bs.n.,
_c1952] (
_fBelmar)
300 _a38 h., 4 lám. :
_bret. aut. ;
_c28 cm.
852 _aES-MaACL
_jD-8426
_bR.32828
999 _c83674
_d83674